000 00503nam a22001697a 4500
003 BD-ChCU
005 20260126093608.0
008 260126b bg ||||| |||| 00| 0 ben d
040 _cBD-ChCU
082 _a327.73 SWA
100 _aSwomley , john M.
_919649
245 _aAmerican empire :
_bthe political ethics of twentieth - century conquest ./
_cJohn M. Swomley
260 _aLondon :
_bMacmillan ,
_cC 1970
300 _a250p
650 0 _aU.S. - Foreign Relations.
_919650
942 _2ddc
_cBK
_n0
999 _c111257
_d111257